<?xml version="1.0" encoding="UTF-8"?>
<record
    xmlns:xsi="http://www.w3.org/2001/XMLSchema-instance"
    xsi:schemaLocation="http://www.loc.gov/MARC21/slim http://www.loc.gov/standards/marcxml/schema/MARC21slim.xsd"
    xmlns="http://www.loc.gov/MARC21/slim">

  <leader>00942nam2a2200265   4500</leader>
  <controlfield tag="001">RU\NLR\bibl\1076132</controlfield>
  <controlfield tag="005">20250615044855.0</controlfield>
  <datafield tag="010" ind1=" " ind2=" ">
    <subfield code="a">5-696-03519-1</subfield>
    <subfield code="9">100</subfield>
  </datafield>
  <datafield tag="021" ind1=" " ind2=" ">
    <subfield code="a">RU</subfield>
    <subfield code="b">2007-14882</subfield>
    <subfield code="9">796</subfield>
  </datafield>
  <datafield tag="035" ind1=" " ind2=" ">
    <subfield code="a">(NLR Aleph) 001063331</subfield>
  </datafield>
  <datafield tag="090" ind1=" " ind2=" ">
    <subfield code="a">952536</subfield>
    <subfield code="c">952536</subfield>
  </datafield>
  <datafield tag="100" ind1=" " ind2=" ">
    <subfield code="a">20070420d2004    |||y0rusy50      ca</subfield>
  </datafield>
  <datafield tag="101" ind1="0" ind2=" ">
    <subfield code="a">rus</subfield>
  </datafield>
  <datafield tag="102" ind1=" " ind2=" ">
    <subfield code="a">RU</subfield>
  </datafield>
  <datafield tag="105" ind1=" " ind2=" ">
    <subfield code="a">a   |||||||||</subfield>
  </datafield>
  <datafield tag="200" ind1="0" ind2=" ">
    <subfield code="a">&#x427;. 2</subfield>
  </datafield>
  <datafield tag="210" ind1=" " ind2=" ">
    <subfield code="d">2004</subfield>
    <subfield code="a">&#x411;. &#x43C;.</subfield>
  </datafield>
  <datafield tag="215" ind1=" " ind2=" ">
    <subfield code="a">99, [1] &#x441;.</subfield>
    <subfield code="c">&#x438;&#x43B;.</subfield>
  </datafield>
  <datafield tag="320" ind1=" " ind2=" ">
    <subfield code="a">&#x411;&#x438;&#x431;&#x43B;&#x438;&#x43E;&#x433;&#x440;.: &#x441;. 99 (5 &#x43D;&#x430;&#x437;&#x432;.)</subfield>
  </datafield>
  <datafield tag="461" ind1=" " ind2="0">
    <subfield code="1">001RU\NLR\bibl\1082889</subfield>
    <subfield code="1">2001#$a&#x422;&#x435;&#x43E;&#x440;&#x438;&#x44F; &#x43C;&#x430;&#x448;&#x438;&#x43D; &#x438; &#x43C;&#x435;&#x445;&#x430;&#x43D;&#x438;&#x437;&#x43C;&#x43E;&#x432;$v&#x427;. 2</subfield>
    <subfield code="9">993000</subfield>
    <subfield code="a">&#x41B;&#x43E;&#x43F;&#x430;&#x442;&#x438;&#x43D;, &#x414;. &#x411;.</subfield>
    <subfield code="c">&#x427;&#x435;&#x43B;&#x44F;&#x431;&#x438;&#x43D;&#x441;&#x43A;</subfield>
    <subfield code="d">2004</subfield>
    <subfield code="f">&#x414;.&#x411;. &#x41B;&#x43E;&#x43F;&#x430;&#x442;&#x438;&#x43D;, &#x418;.&#x41C;. &#x417;&#x438;&#x437;&#x438;&#x43D;</subfield>
    <subfield code="n">&#x418;&#x437;&#x434;-&#x432;&#x43E; &#x42E;&#x423;&#x440;&#x413;&#x423;</subfield>
    <subfield code="o">&#x43A;&#x443;&#x440;&#x441; &#x43B;&#x435;&#x43A;&#x446;&#x438;&#x439;</subfield>
    <subfield code="t">&#x422;&#x435;&#x43E;&#x440;&#x438;&#x44F; &#x43C;&#x430;&#x448;&#x438;&#x43D; &#x438; &#x43C;&#x435;&#x445;&#x430;&#x43D;&#x438;&#x437;&#x43C;&#x43E;&#x432;</subfield>
    <subfield code="v">&#x427;. 2</subfield>
  </datafield>
  <datafield tag="801" ind1=" " ind2="0">
    <subfield code="a">RU</subfield>
    <subfield code="b">NLR</subfield>
    <subfield code="c">20070420</subfield>
    <subfield code="g">RCR</subfield>
  </datafield>
  <datafield tag="801" ind1=" " ind2="1">
    <subfield code="a">RU</subfield>
    <subfield code="b">NLR</subfield>
    <subfield code="c">20070420</subfield>
  </datafield>
  <datafield tag="942" ind1=" " ind2=" ">
    <subfield code="c">BOOK</subfield>
  </datafield>
  <datafield tag="980" ind1=" " ind2=" ">
    <subfield code="a">NB</subfield>
  </datafield>
  <datafield tag="995" ind1=" " ind2=" ">
    <subfield code="5">2007-04-20</subfield>
    <subfield code="a">ad</subfield>
    <subfield code="b">NLR01</subfield>
    <subfield code="c">NLR01</subfield>
    <subfield code="e">RF9</subfield>
    <subfield code="f">2416912</subfield>
    <subfield code="k">2007-4/8893</subfield>
    <subfield code="o">0</subfield>
    <subfield code="r">BOOK</subfield>
    <subfield code="s">200748893_</subfield>
  </datafield>
  <datafield tag="995" ind1=" " ind2=" ">
    <subfield code="5">2007-04-20</subfield>
    <subfield code="a">ad</subfield>
    <subfield code="b">NLR01</subfield>
    <subfield code="c">NLR01</subfield>
    <subfield code="e">RF9</subfield>
    <subfield code="f">2416915</subfield>
    <subfield code="k">2007-4/8893</subfield>
    <subfield code="o">0</subfield>
    <subfield code="r">BOOK</subfield>
    <subfield code="s">200748893_</subfield>
  </datafield>
</record>
